| 000 | 01129nam a2200217Ia 4500 | ||
|---|---|---|---|
| 003 | Ost | ||
| 005 | 20260507075737.0 | ||
| 008 | 260507s9999||||xx |||||||||||||| ||und|| | ||
| 040 | _cfsecg | ||
| 041 | _aara | ||
| 082 | _a338.9 | ||
| 100 |
_aعلام، سعد طه _eمؤلف |
||
| 245 | 0 |
_aدراسات في الاقتصاد والتنمية / _c سعد طه علام |
|
| 260 |
_aالقاهرة: _bدار طيبة للنشر والتوزيع والتجهيزات العلمية, _c2003 |
||
| 300 |
_a208 صفحة؛ _bإيضاحات ؛ _c24 سم |
||
| 504 | _aملاحق ص.203 | ||
| 520 | _aالمؤشرات القوميةوالتنمية،بعض مشاكل الاقتصاد القومي،السياسة الاقتصادية في مصر والتكامل الإقليمي،الشرق أوسطية والتكامل الإقليمي،التحرير الاقتصادي والخصخصة في الاقتصاد المصري،دور الدولة في ظل المستجدات العالمية والمحلية | ||
| 653 | _aالتخطيط الاقتصادي | ||
| 653 | _aالتنمية الاقتصادية | ||
| 942 | _cكتاب | ||
| 999 |
_c46102 _d46102 |
||